[Event "Rated Blitz game"]
[Site "?"]
[Date "2021.05.27"]
[Round "?"]
[White "GoughPhar"]
[Black "LeRoiCafard"]
[Result "1-0"]
[WhiteElo "2451"]
[BlackElo "2329"]
[PlyCount "59"]
[EventDate "2021.??.??"]
[EventType "blitz"]
[TimeControl "180"]

1. e4 e5 2. Nf3 Nc6 3. Nc3 Nf6 4. Nxe5 Nxe5 5. d4 Nc6 6. d5 Ne5 7. f4 Ng6 8. e5
Ng8 9. d6 cxd6 10. exd6 Qf6 11. Nb5 Kd8 12. Be3 Nxf4 13. Qd2 Ne6 14. Bc4 Qh4+
15. g3 Qxc4 16. a4 Nf6 17. b3 Qc6 18. O-O-O Ne4 19. Qb4 b6 20. Rhe1 Bb7 21. a5
Rc8 22. c4 Ra8 23. Kb2 N4c5 24. Qc3 a6 25. Nc7 Nxc7 26. dxc7+ Kxc7 27. axb6+
Kxb6 28. b4 Kc7 29. Bf4+ Kc8 30. Re8# {Normal} 1-0

[Event "Rated Blitz game"]
[Site "?"]
[Date "2021.05.27"]
[Round "?"]
[White "Ankit2503"]
[Black "zagros20211"]
[Result "1-0"]
[WhiteElo "2351"]
[BlackElo "2439"]
[PlyCount "83"]
[EventDate "2021.??.??"]
[EventType "blitz"]
[TimeControl "180"]

1. e4 e5 2. Nf3 Nc6 3. Nc3 Nf6 4. Nxe5 Nxe5 5. d4 Ng6 6. e5 Ng8 7. Bc4 d6 8.
Qf3 Qe7 9. Nd5 Qd8 10. Nb6 Be6 11. Bxe6 fxe6 12. Nxa8 Qxa8 13. h4 Be7 14. h5
Nf8 15. Be3 d5 16. c4 c6 17. cxd5 Bb4+ 18. Bd2 Bxd2+ 19. Kxd2 exd5 20. Rae1 Ne6
21. Qg4 Qc8 22. f4 Qd7 23. f5 Nf8 24. e6 Qe7 25. Qf4 Qd8 26. h6 gxh6 27. f6
Qxf6 28. Qb8+ Qd8 29. Qxb7 Ne7 30. Rhf1 Nfg6 31. Qxa7 Rf8 32. Rxf8+ Kxf8 33.
Rf1+ Kg8 34. Qd7 Qa5+ 35. Kc1 Qa8 36. Rf7 Qb8 37. Rxe7 Qf4+ 38. Kc2 Qe4+ 39.
Kb3 Qxd4 40. Re8+ Nf8 41. Qf7+ Kh8 42. Rxf8# {Normal} 1-0

[Event "Rated Blitz tournament tCr8yDuw"]
[Site "?"]
[Date "2021.05.27"]
[Round "?"]
[White "Starinov"]
[Black "gabicaeg"]
[Result "1-0"]
[WhiteElo "2430"]
[BlackElo "2273"]
[PlyCount "85"]
[EventDate "2021.??.??"]
[EventType "blitz"]
[TimeControl "180"]

1. e4 e5 2. Nf3 Nc6 3. Nc3 Nf6 4. Nxe5 Nxe5 5. d4 Ng6 6. e5 Ng8 7. Bc4 d6 8.
Qf3 Qd7 9. O-O dxe5 10. dxe5 c6 11. Re1 Qc7 12. Bg5 Be6 13. Bxe6 fxe6 14. Rad1
Be7 15. Bc1 Nh6 16. Bxh6 gxh6 17. Qh5 O-O 18. Qxh6 Rf5 19. g3 Bc5 20. Ne4 Qb6
21. Rd7 Ne7 22. Qxe6+ Kf8 23. Rxe7 Rxf2 24. Kh1 Bxe7 25. Qh6+ Kg8 26. Qe6+ Kf8
27. Nf6 Bxf6 28. exf6 Qc5 29. Rd1 Re8 30. Qg4 Rxf6 31. Qh4 Qf5 32. Qb4+ Kf7 33.
Qb3+ Ree6 34. Kg2 Qf2+ 35. Kh1 Qf3+ 36. Qxf3 Rxf3 37. Rd7+ Kf6 38. Rd1 Re2 39.
Rd6+ Ke5 40. Rd1 Rff2 41. Kg1 Rg2+ 42. Kf1 Rxh2 43. Rd5+ {Time forfeit} 1-0

[Event "Rated Blitz game"]
[Site "?"]
[Date "2021.05.27"]
[Round "?"]
[White "PestePorcina"]
[Black "King_Moaty"]
[Result "0-1"]
[WhiteElo "2423"]
[BlackElo "2370"]
[PlyCount "50"]
[EventDate "2021.??.??"]
[EventType "blitz"]
[TimeControl "180"]

1. e4 e5 2. Nf3 Nc6 3. Nc3 Nf6 4. Nxe5 Nxe5 5. d4 Ng6 6. e5 Ng8 7. f4 d6 8. Bc4
c6 9. O-O Nh6 10. f5 Nxf5 11. g4 Nh6 12. Bxh6 d5 13. Nxd5 cxd5 14. Bb5+ Bd7 15.
Bxd7+ Qxd7 16. Bg5 h5 17. h3 hxg4 18. hxg4 Be7 19. Rf5 O-O-O 20. Qe2 Qe6 21. b3
Bxg5 22. Rxg5 Nf4 23. Qf3 Nh3+ 24. Kg2 Nxg5 25. Qc3+ Kb8 {Normal} 0-1

[Event "Rated Blitz game"]
[Site "?"]
[Date "2021.05.27"]
[Round "?"]
[White "Salimskyi"]
[Black "Pepsi_Ymbi"]
[Result "1/2-1/2"]
[WhiteElo "2466"]
[BlackElo "2346"]
[PlyCount "120"]
[EventDate "2021.??.??"]
[EventType "blitz"]
[TimeControl "180"]

1. e4 e5 2. Nf3 Nc6 3. Nc3 Nf6 4. Nxe5 Nxe5 5. d4 Ng6 6. e5 Ng8 7. Bc4 c6 8.
Qf3 d5 9. exd6 Nf6 10. Bg5 Bxd6 11. Bxf6 Qxf6 12. Qxf6 gxf6 13. Ne4 Be7 14.
O-O-O f5 15. Ng3 O-O 16. Rhe1 Bg5+ 17. Kb1 Bd7 18. Nh5 Rae8 19. g3 Rxe1 20.
Rxe1 Re8 21. Rxe8+ Bxe8 22. f4 Be7 23. c3 Bd7 24. Kc2 Be6 25. b3 Nf8 26. h3 b5
27. Be2 Bd5 28. Bd3 Bf3 29. g4 fxg4 30. hxg4 Bxg4 31. Ng3 Bd6 32. Nf5 Bxf5 33.
Bxf5 Bxf4 34. Be4 Ne6 35. Bxc6 Nc7 36. Kd3 f5 37. Bd7 Bd6 38. Bxf5 Kg7 39. c4
bxc4+ 40. bxc4 h5 41. c5 Be7 42. Kc4 Kf6 43. Bh3 Bf8 44. a4 a6 45. Bc8 h4 46.
d5 Ke5 47. d6 Bxd6 48. cxd6 Kxd6 49. Kb4 Kc6 50. Ka5 Kc5 51. Bd7 Kd6 52. Bh3
Kc5 53. Bg2 Ne6 54. Kxa6 Nf4 55. Bf3 Nd3 56. a5 Nb4+ 57. Kb7 Kb5 58. a6 Nxa6
59. Be2+ Kc5 60. Kxa6 h3 {Normal} 1/2-1/2

[Event "Rated Blitz game"]
[Site "?"]
[Date "2021.05.27"]
[Round "?"]
[White "ljdr"]
[Black "compte_galere"]
[Result "1-0"]
[WhiteElo "2458"]
[BlackElo "2461"]
[PlyCount "65"]
[EventDate "2021.??.??"]
[EventType "blitz"]
[TimeControl "180"]

1. e4 e5 2. Nf3 Nf6 3. Nc3 Nc6 4. Nxe5 Nxe5 5. d4 Ng6 6. e5 Ng8 7. Bc4 Bb4 8.
Qf3 Qe7 9. h4 Bxc3+ 10. bxc3 d5 11. Bxd5 c6 12. Bg5 f6 13. Bxc6+ bxc6 14. Qxc6+
Kf7 15. Qxa8 fxg5 16. Qxc8 Nh6 17. Qc4+ Kf8 18. hxg5 Qxg5 19. Rb1 Qxg2 20. Qc8+
Ke7 21. Rb7+ Qxb7 22. Qxb7+ Ke6 23. Qxg7 Ng4 24. Rg1 Nh2 25. Rxg6+ hxg6 26.
Qf6+ Kd5 27. Qxh8 Nf3+ 28. Ke2 Ng5 29. Kd3 Ne4 30. c4+ Ke6 31. Kxe4 g5 32. Qg7
g4 33. d5# {Normal} 1-0

[Event "Rated Blitz game"]
[Site "?"]
[Date "2021.05.26"]
[Round "?"]
[White "PestePorcina"]
[Black "Vampilu"]
[Result "0-1"]
[WhiteElo "2425"]
[BlackElo "2437"]
[PlyCount "108"]
[EventDate "2021.??.??"]
[EventType "blitz"]
[TimeControl "180"]

1. e4 e5 2. Nf3 Nc6 3. Nc3 Nf6 4. Nxe5 Nxe5 5. d4 Ng6 6. e5 Ng8 7. Bc4 d5 8.
exd6 Nf6 9. Qe2+ Be6 10. Bxe6 fxe6 11. Qxe6+ Be7 12. dxe7 Qxe7 13. Qxe7+ Nxe7
14. Nb5 O-O-O 15. Nxa7+ Kb8 16. Nb5 Nc6 17. O-O Nxd4 18. Nxd4 Rxd4 19. Be3 Rc4
20. c3 c5 21. Rfd1 Kc8 22. Rac1 b6 23. f3 Ra4 24. a3 Rd8 25. Rxd8+ Kxd8 26. Kf2
Kc7 27. Bf4+ Kc6 28. c4 b5 29. cxb5+ Kxb5 30. Be5 Ra6 31. Bxf6 Rxf6 32. Ke3
Re6+ 33. Kd3 Rd6+ 34. Kc3 Re6 35. Rc2 h5 36. Rd2 Re3+ 37. Kc2 h4 38. h3 Kc4 39.
Rf2 g6 40. f4 Kd4 41. Kd2 Rb3 42. Kc1 Rg3 43. Rd2+ Ke4 44. Rc2 Kd4 45. b4 c4
46. a4 c3 47. a5 Kc4 48. a6 Re3 49. Ra2 Kb3 50. Kd1 Kxa2 51. a7 Re8 52. b5 Kb2
53. b6 c2+ 54. Kd2 c1=Q+ {Time forfeit} 0-1

[Event "Rated Blitz game"]
[Site "?"]
[Date "2021.05.26"]
[Round "?"]
[White "Salimskyi"]
[Black "Prayer791"]
[Result "0-1"]
[WhiteElo "2449"]
[BlackElo "2551"]
[PlyCount "62"]
[EventDate "2021.??.??"]
[EventType "blitz"]
[TimeControl "180"]

1. e4 e5 2. Nf3 Nf6 3. Nc3 Nc6 4. Nxe5 Nxe5 5. d4 Ng6 6. e5 Ng8 7. Bc4 d5 8.
Bxd5 c6 9. Bb3 Be6 10. Be3 Bb4 11. O-O Bxc3 12. bxc3 N8e7 13. c4 O-O 14. c3 a5
15. Bc2 Bxc4 16. Re1 Be6 17. Qh5 Qd7 18. h3 Bf5 19. Bxf5 Qxf5 20. Qxf5 Nxf5 21.
a4 Nxe3 22. fxe3 f6 23. exf6 gxf6 24. Reb1 Rf7 25. Rb6 Re8 26. Kf2 f5 27. Rab1
Ree7 28. c4 f4 29. exf4 Nxf4 30. Kg1 Ne2+ 31. Kh2 Nxd4 {Normal} 0-1

[Event "Rated Blitz game"]
[Site "?"]
[Date "2021.05.26"]
[Round "?"]
[White "PestePorcina"]
[Black "Kodeslabarriere"]
[Result "0-1"]
[WhiteElo "2432"]
[BlackElo "2454"]
[PlyCount "106"]
[EventDate "2021.??.??"]
[EventType "blitz"]
[TimeControl "180"]

1. e4 e5 2. Nf3 Nc6 3. Nc3 Nf6 4. Nxe5 Nxe5 5. d4 d6 6. dxe5 dxe5 7. Qxd8+ Kxd8
8. Bg5 Be7 9. O-O-O+ Ke8 10. Nb5 Bd8 11. Bc4 a6 12. Nc3 c6 13. f4 h6 14. fxe5
hxg5 15. exf6 Bxf6 16. Rd3 b5 17. Bb3 Bb7 18. h4 gxh4 19. Re1 Bxc3 20. Rxc3 Ke7
21. Rf3 Raf8 22. Ref1 f6 23. a4 c5 24. axb5 axb5 25. Bd5 Bxd5 26. exd5 Kd6 27.
Rd1 Re8 28. Ra3 Ra8 29. Rxa8 Rxa8 30. Kb1 Ra4 31. c3 Rg4 32. Rd2 Rg5 33. Re2
Kxd5 34. Re8 Rxg2 35. Rh8 g5 36. Ka2 b4 37. Kb3 bxc3 38. bxc3 c4+ 39. Kb4 Rb2+
40. Ka3 Rb3+ 41. Ka4 Rxc3 42. Rd8+ Ke5 43. Re8+ Kf5 44. Kb4 Rf3 45. Kxc4 h3 46.
Rh8 Rf4+ 47. Kd3 Rh4 48. Ra8 h2 49. Ra5+ Kg6 50. Ke2 h1=Q 51. Ra3 Qh2+ 52. Kf1
Rf4+ 53. Ke1 Qf2+ {Normal} 0-1

[Event "Rated Blitz game"]
[Site "?"]
[Date "2021.05.26"]
[Round "?"]
[White "forbiddencheapos"]
[Black "Tsukuru"]
[Result "1/2-1/2"]
[WhiteElo "2425"]
[BlackElo "2412"]
[PlyCount "54"]
[EventDate "2021.??.??"]
[EventType "blitz"]
[TimeControl "300"]

1. e4 Nf6 2. Nc3 e5 3. Nf3 Nc6 4. Nxe5 Nxe5 5. d4 Bb4 6. dxe5 Nxe4 7. Qg4 Nxc3
8. Qxb4 Nd5 9. Qe4 c6 10. Bd3 Qe7 11. O-O Nb4 12. Bg5 Qxg5 13. Qxb4 Qe7 14. Qd6
Qxd6 15. exd6 O-O 16. Rfe1 b5 17. a4 a6 18. axb5 cxb5 19. Bxb5 Rb8 20. Bxa6
Rxb2 21. Bd3 Rb6 22. Rad1 g6 23. Bf1 Ba6 24. Re7 Bxf1 25. Kxf1 Rc8 26. Rxd7
Rxc2 27. Rc7 Rxd6 {Normal} 1/2-1/2

[Event "Rated Blitz game"]
[Site "?"]
[Date "2021.05.26"]
[Round "?"]
[White "Medalhista"]
[Black "Swordoftheword16"]
[Result "0-1"]
[WhiteElo "2354"]
[BlackElo "2537"]
[PlyCount "38"]
[EventDate "2021.??.??"]
[EventType "blitz"]
[TimeControl "180"]

1. e4 e5 2. Nf3 Nc6 3. Nc3 Nf6 4. Nxe5 Nxe5 5. d4 Ng6 6. e5 Ng8 7. Bc4 d5 8.
Bxd5 N8e7 9. Bb3 c6 10. O-O Be6 11. f4 Nf5 12. d5 Bc5+ 13. Kh1 Qh4 14. Qf3 cxd5
15. Ba4+ Kf8 16. g3 Qh3 17. Bd2 d4 18. Ne2 Rd8 19. Qxb7 Bd5+ {Normal} 0-1

[Event "Rated Blitz game"]
[Site "?"]
[Date "2021.05.26"]
[Round "?"]
[White "biomechanoid8"]
[Black "Robban74"]
[Result "0-1"]
[WhiteElo "2350"]
[BlackElo "2412"]
[PlyCount "38"]
[EventDate "2021.??.??"]
[EventType "blitz"]
[TimeControl "180"]

1. e4 e5 2. Nf3 Nc6 3. Nc3 Nf6 4. Nxe5 Bc5 5. Nf3 d5 6. e5 Ne4 7. d4 Bb4 8. Bd2
Bxc3 9. bxc3 O-O 10. Bd3 f6 11. O-O fxe5 12. Nxe5 Nxe5 13. dxe5 Qh4 14. Bxe4
dxe4 15. Be3 Be6 16. Qd4 Rad8 17. Qxa7 Bg4 18. e6 Bf3 19. e7 Qg4 {Time forfeit}
0-1

[Event "Rated Blitz game"]
[Site "?"]
[Date "2021.05.26"]
[Round "?"]
[White "mincso"]
[Black "Abbasgholizadeh"]
[Result "0-1"]
[WhiteElo "2412"]
[BlackElo "2347"]
[PlyCount "112"]
[EventDate "2021.??.??"]
[EventType "blitz"]
[TimeControl "180+2"]

1. e4 e5 2. Nf3 Nc6 3. Nc3 Nf6 4. Nxe5 Nxe5 5. d4 Ng6 6. e5 Ng8 7. Bc4 d5 8.
Bxd5 Bb4 9. Qf3 Be6 10. Bxb7 Rb8 11. Bc6+ Bd7 12. O-O N8e7 13. Bxd7+ Qxd7 14.
Be3 Bxc3 15. bxc3 O-O 16. Qe4 Qf5 17. f3 Rb2 18. Rfc1 Rfb8 19. Kf2 c6 20. c4 a5
21. Ke2 a4 22. Qxf5 Nxf5 23. Bf2 Nf4+ 24. Kf1 Ne6 25. d5 Ned4 26. g4 Nxc2 27.
gxf5 Nxa1 28. Rxa1 cxd5 29. cxd5 Rd2 30. d6 Rbb2 31. Bg3 Rxa2 32. Rc1 Rac2 33.
Ra1 Kf8 34. Rxa4 Rd1+ 35. Be1 Ke8 36. Re4 Rxh2 37. Kg1 Ra2 38. Kf1 h5 39. Re2
Rxe2 40. Kxe2 Rd5 41. f4 f6 42. Bc3 h4 43. Kf2 h3 44. exf6 gxf6 45. Bxf6 Rxf5
46. Be5 Kd7 47. Kg3 Rh5 48. Kh2 Ke6 49. Kh1 Rh7 50. Kh2 Kf5 51. Kh1 Kg4 52. Bf6
Ra7 53. f5 Kxf5 54. Be7 Kg4 55. Kh2 Ra2+ 56. Kg1 Kg3 {Time forfeit} 0-1

[Event "Rated Blitz game"]
[Site "?"]
[Date "2021.05.26"]
[Round "?"]
[White "Barretts_Gambiteer"]
[Black "dmjjmd"]
[Result "0-1"]
[WhiteElo "2396"]
[BlackElo "2414"]
[PlyCount "30"]
[EventDate "2021.??.??"]
[EventType "blitz"]
[TimeControl "180"]

1. e4 e5 2. Nf3 Nc6 3. Nc3 Nf6 4. Nxe5 Nxe5 5. d4 Nc6 6. d5 Ne5 7. f4 Bd6 8.
fxe5 Bxe5 9. Bd3 d6 10. O-O g5 11. Bxg5 Rg8 12. h4 h6 13. Bxf6 Bxf6 14. Qf3
Bd4+ 15. Kh1 Qxh4+ {Normal} 0-1

[Event "Rated Blitz game"]
[Site "?"]
[Date "2021.05.26"]
[Round "?"]
[White "forbiddencheapos"]
[Black "GaryNLOL"]
[Result "1-0"]
[WhiteElo "2403"]
[BlackElo "2303"]
[PlyCount "64"]
[EventDate "2021.??.??"]
[EventType "blitz"]
[TimeControl "300"]

1. e4 e5 2. Nf3 Nc6 3. Nc3 Nf6 4. Nxe5 Nxe5 5. d4 Nc6 6. d5 Nb8 7. e5 Ng8 8. d6
Nc6 9. Nb5 cxd6 10. exd6 Qa5+ 11. Bd2 Qb6 12. Nc7+ Kd8 13. Nxa8 Qxb2 14. Nc7
Qe5+ 15. Be2 Bxd6 16. Nb5 Bc5 17. O-O Nf6 18. Bc3 Qg5 19. Nd6 Kc7 20. Nxf7 Qf5
21. Nxh8 Ne4 22. Be1 Nd4 23. Bd3 d5 24. Bxe4 dxe4 25. Bc3 Nf3+ 26. gxf3 exf3
27. Kh1 Bd6 28. Qd4 Qh5 29. h4 Bh3 30. Rfd1 Bg2+ 31. Kg1 Bc5 32. Qe5+ Qxe5 {
Normal} 1-0

[Event "Rated Blitz game"]
[Site "?"]
[Date "2021.05.26"]
[Round "?"]
[White "Henry940622"]
[Black "Abzal2005"]
[Result "0-1"]
[WhiteElo "2327"]
[BlackElo "2404"]
[PlyCount "98"]
[EventDate "2021.??.??"]
[EventType "blitz"]
[TimeControl "180"]

1. e4 e5 2. Nf3 Nc6 3. Nc3 Nf6 4. Nxe5 Nxe5 5. d4 Bb4 6. dxe5 Nxe4 7. Qd4 Bxc3+
8. bxc3 Ng5 9. Bd3 O-O 10. h4 Ne6 11. Qe4 g6 12. h5 Nc5 13. Qe3 Nxd3+ 14. cxd3
d6 15. Qh6 Qe7 16. Be3 Bg4 17. hxg6 fxg6 18. exd6 cxd6 19. O-O Qf7 20. Rab1 Bf5
21. Rb4 Rae8 22. Rfb1 Re7 23. Rf4 Qg7 24. Qxg7+ Rxg7 25. Rd4 Rd7 26. Bf4 d5 27.
Rb5 Rfd8 28. Bg5 Rc8 29. c4 dxc4 30. Rxd7 Bxd7 31. Rxb7 Bf5 32. dxc4 Rxc4 33.
Rxa7 Rc2 34. a4 Kf8 35. a5 Ke8 36. Re7+ Kf8 37. Re3 Ra2 38. Re5 Bd3 39. Be3 Bf5
40. Bb6 Kf7 41. Rc5 Kf6 42. Rc7 Kg5 43. Kh2 Be4 44. Kg3 Bf5 45. f3 h5 46. Rc5
h4+ 47. Kh2 Kh6 48. Rc7 h3 49. Be3+ Kh5 {Time forfeit} 0-1

[Event "Rated Blitz game"]
[Site "?"]
[Date "2021.05.26"]
[Round "?"]
[White "Salimskyi"]
[Black "GutiRaf"]
[Result "1-0"]
[WhiteElo "2452"]
[BlackElo "2321"]
[PlyCount "71"]
[EventDate "2021.??.??"]
[EventType "blitz"]
[TimeControl "180"]

1. e4 e5 2. Nf3 Nc6 3. Nc3 Nf6 4. Nxe5 Nxe5 5. d4 Nxe4 6. Nxe4 Ng6 7. Qe2 Be7
8. Be3 O-O 9. O-O-O d5 10. Ng3 c6 11. h4 Bxh4 12. Qh5 f5 13. Bd3 Qf6 14. Bd2
Be6 15. c3 h6 16. Qf3 Bg5 17. Nh5 Bxd2+ 18. Rxd2 Qf7 19. Re2 Rae8 20. Nf4 Nxf4
21. Qxf4 Bc8 22. Rhe1 Rxe2 23. Rxe2 b5 24. g3 a5 25. Re5 b4 26. Qe3 bxc3 27.
bxc3 Qc7 28. Re7 Qd6 29. Qe5 Qg6 30. Qc7 Qg5+ 31. Kb2 f4 32. Bc2 fxg3 33. fxg3
Bf5 34. Re5 Qg6 35. Rxf5 Rxf5 36. Qc8+ {Normal} 1-0

[Event "Rated Blitz game"]
[Site "?"]
[Date "2021.05.26"]
[Round "?"]
[White "Niemans"]
[Black "darthpetrov2000"]
[Result "0-1"]
[WhiteElo "2384"]
[BlackElo "2540"]
[PlyCount "50"]
[EventDate "2021.??.??"]
[EventType "blitz"]
[TimeControl "180"]

1. e4 e5 2. Nf3 Nf6 3. Nc3 Nc6 4. Nxe5 Nxe5 5. d4 Nc6 6. d5 Ne5 7. f4 Ng6 8. e5
Bc5 9. exf6 O-O 10. fxg7 Re8+ 11. Be2 d6 12. h3 Qh4+ 13. Kd2 Qxf4+ 14. Ke1 Bf2+
15. Kf1 Be3+ 16. Bf3 Bd7 17. Bxe3 Rxe3 18. Qc1 Rxf3+ 19. gxf3 Qxf3+ 20. Kg1
Qg3+ 21. Kf1 Bxh3+ 22. Rxh3 Qxh3+ 23. Kg1 Qg3+ 24. Kf1 Re8 25. Qd2 Nh4 {Normal}
0-1

[Event "Rated Blitz game"]
[Site "?"]
[Date "2021.05.26"]
[Round "?"]
[White "forbiddencheapos"]
[Black "uriberto"]
[Result "0-1"]
[WhiteElo "2379"]
[BlackElo "2553"]
[PlyCount "82"]
[EventDate "2021.??.??"]
[EventType "blitz"]
[TimeControl "300"]

1. e4 e5 2. Nf3 Nf6 3. Nc3 Nc6 4. Nxe5 Nxe5 5. d4 Ng6 6. e5 Ng8 7. Bc4 d5 8.
Bxd5 c6 9. Bb3 Bb4 10. O-O Bxc3 11. bxc3 N8e7 12. f4 Bf5 13. c4 h5 14. d5 Qb6+
15. Kh1 O-O-O 16. d6 Be6 17. Qe1 Nf5 18. a4 Qd4 19. c3 Qb6 20. Bc2 Rhe8 21. Qe2
Qa6 22. Bd3 Nxd6 23. exd6 Bg4 24. Qc2 Rxd6 25. Ba3 Rf6 26. c5 Qa5 27. Bb4 Qc7
28. Bxg6 fxg6 29. Qd2 Ref8 30. g3 h4 31. Rae1 hxg3 32. hxg3 g5 33. c4 gxf4 34.
Ba5 Qf7 35. gxf4 Rh6+ 36. Kg1 Rfh8 37. Qg2 Bh3 38. Qe4 Bxf1 39. Kxf1 Rh1+ 40.
Kf2 Rxe1 41. Kxe1 Re8 {Normal} 0-1

[Event "Rated Blitz game"]
[Site "?"]
[Date "2021.05.26"]
[Round "?"]
[White "PestePorcina"]
[Black "Cookie2015"]
[Result "0-1"]
[WhiteElo "2426"]
[BlackElo "2363"]
[PlyCount "74"]
[EventDate "2021.??.??"]
[EventType "blitz"]
[TimeControl "180"]

1. e4 e5 2. Nf3 Nf6 3. Nc3 Nc6 4. Nxe5 Nxe5 5. d4 Nc6 6. e5 Ng8 7. Bc4 Bb4 8.
Qf3 Qe7 9. O-O Nxd4 10. Qg4 Bxc3 11. bxc3 Ne6 12. f4 Nh6 13. Qe2 Nf5 14. g4 Nh4
15. f5 Ng5 16. f6 Qc5+ 17. Rf2 Nh3+ 18. Kf1 Qxf2+ 19. Qxf2 Nxf2 20. Kxf2 gxf6
21. exf6 d6 22. Bg5 Ng6 23. Re1+ Ne5 24. Bf4 O-O 25. Be2 Kh8 26. Rg1 Bd7 27.
Bh6 Rg8 28. g5 Rae8 29. h4 Bf5 30. h5 d5 31. Kg3 Nd7 32. Bd3 Bxd3 33. cxd3 Nxf6
34. Kf4 Nxh5+ 35. Kf5 Rg6 36. Rh1 Ng3+ 37. Kg4 Nxh1 {Normal} 0-1

[Event "Rated Blitz game"]
[Site "?"]
[Date "2021.05.26"]
[Round "?"]
[White "PestePorcina"]
[Black "DiogenesSinopeus"]
[Result "1-0"]
[WhiteElo "2434"]
[BlackElo "2482"]
[PlyCount "51"]
[EventDate "2021.??.??"]
[EventType "blitz"]
[TimeControl "180"]

1. e4 e5 2. Nf3 Nc6 3. Nc3 Nf6 4. Nxe5 Nxe5 5. d4 Ng6 6. e5 Ng8 7. f4 d5 8. Bd3
Nh4 9. O-O Bf5 10. g4 Bxd3 11. Qxd3 c6 12. f5 h5 13. g5 g6 14. e6 Nxf5 15.
exf7+ Kxf7 16. Rxf5+ gxf5 17. Qxf5+ Nf6 18. Bf4 Bd6 19. Be5 Be7 20. Rf1 Rg8 21.
Kh1 h4 22. gxf6 Bb4 23. Qh7+ Ke6 24. f7 Qg5 25. fxg8=Q+ Rxg8 26. Qf7# {Normal}
1-0

[Event "Rated Blitz game"]
[Site "?"]
[Date "2021.05.26"]
[Round "?"]
[White "PestePorcina"]
[Black "semnik"]
[Result "1-0"]
[WhiteElo "2427"]
[BlackElo "2412"]
[PlyCount "53"]
[EventDate "2021.??.??"]
[EventType "blitz"]
[TimeControl "180"]

1. e4 Nf6 2. Nc3 e5 3. Nf3 Nc6 4. Nxe5 Nxe5 5. d4 Ng6 6. e5 Qe7 7. Bg5 h6 8.
Nd5 Qd8 9. Bxf6 gxf6 10. Nxf6+ Ke7 11. f4 d5 12. Qh5 c5 13. f5 Qa5+ 14. Kd1
cxd4 15. fxg6 fxg6 16. Qxg6 Be6 17. b4 Qxb4 18. Bd3 Rc8 19. Ke2 Qc3 20. Rab1 b6
21. Rb5 Rd8 22. Rf1 Qc6 23. Rb3 a6 24. Bxa6 Ra8 25. Bb5 Qc7 26. Nxd5+ Bxd5 27.
Qf6# {Normal} 1-0

[Event "Titled Tuesday 25th May"]
[Site "chess.com INT"]
[Date "2021.05.25"]
[Round "8"]
[White "Navalgund, N."]
[Black "Tanenbaum, Zachary"]
[Result "1-0"]
[WhiteElo "2289"]
[BlackElo "2137"]
[PlyCount "47"]
[EventDate "2021.05.25"]

1. e4 e5 2. Nf3 Nc6 3. Nc3 Nf6 4. Nxe5 Nxe5 5. d4 Ng6 6. e5 Ng8 7. Bc4 d5 8.
Bxd5 c5 9. Qf3 Qd7 10. Be3 cxd4 11. Bxd4 Bb4 12. O-O-O Qe7 13. Nb5 Nh6 14. a3
Bg4 15. Qb3 Bxd1 16. Rxd1 Nf5 17. axb4 Nxd4 18. Bxf7+ Kf8 19. Rxd4 Qxf7 20. e6
Qxf2 21. Kb1 Qf1+ 22. Ka2 Qxb5 23. Qf3+ Ke7 24. Qf7# 1-0

[Event "Rated Blitz game"]
[Site "?"]
[Date "2021.05.25"]
[Round "?"]
[White "forbiddencheapos"]
[Black "SPECNAZ666"]
[Result "1-0"]
[WhiteElo "2394"]
[BlackElo "2456"]
[PlyCount "69"]
[EventDate "2021.??.??"]
[EventType "blitz"]
[TimeControl "300"]

1. e4 e5 2. Nf3 Nc6 3. Nc3 Nf6 4. Nxe5 Nxe5 5. d4 Bb4 6. dxe5 Nxe4 7. Qd4 d5 8.
exd6 Bxc3+ 9. bxc3 Nxd6 10. Qxg7 Qe7+ 11. Be2 Rf8 12. Bh6 Nf5 13. Qxf8+ Qxf8
14. Bxf8 Kxf8 15. Bd3 Be6 16. O-O Kg7 17. a4 a5 18. Rfe1 Kf6 19. Rab1 b6 20. f4
Nd6 21. Re5 h6 22. Kf2 Rg8 23. h3 Nb7 24. g4 Nc5 25. Bb5 Rd8 26. Rbe1 Rd6 27.
Rh5 Kg7 28. Rhe5 c6 29. f5 Bd5 30. Bf1 Nxa4 31. c4 Bh1 32. Bd3 Nb2 33. R5e3 a4
34. Rxh1 a3 35. Ra1 {Normal} 1-0

[Event "Rated Blitz tournament j5NgTHe7"]
[Site "?"]
[Date "2021.05.25"]
[Round "?"]
[White "Starinov"]
[Black "Roifou"]
[Result "0-1"]
[WhiteElo "2446"]
[BlackElo "2272"]
[PlyCount "54"]
[EventDate "2021.??.??"]
[EventType "blitz"]
[TimeControl "180"]

1. e4 e5 2. Nf3 Nc6 3. Nc3 Nf6 4. Nxe5 Nxe5 5. d4 Ng6 6. e5 Ng8 7. Bc4 d5 8.
Bxd5 Be6 9. Bxb7 Rb8 10. Bc6+ Bd7 11. Be4 N8e7 12. Qf3 c5 13. Be3 Rxb2 14. Na4
Bxa4 15. c3 Bb5 16. a4 Re2+ 17. Kd1 Ba6 18. Bc6+ Nxc6 19. Qxc6+ Qd7 20. Qxa6
Rb2 21. Ke1 Be7 22. Bc1 Rb6 23. Qd3 cxd4 24. cxd4 Bb4+ 25. Kf1 O-O 26. Qe4 f5
27. exf6 Re6 {Normal} 0-1

[Event "Rated Blitz game"]
[Site "?"]
[Date "2021.05.25"]
[Round "?"]
[White "Barretts_Gambiteer"]
[Black "ange_de_la_mort"]
[Result "1-0"]
[WhiteElo "2387"]
[BlackElo "2405"]
[PlyCount "25"]
[EventDate "2021.??.??"]
[EventType "blitz"]
[TimeControl "180"]

1. e4 e5 2. Nf3 Nc6 3. Nc3 Nf6 4. Nxe5 Nxe5 5. d4 Ng6 6. e5 Ng8 7. Bc4 d6 8.
Qf3 Qd7 9. O-O c6 10. exd6 Bxd6 11. Re1+ Kf8 12. Ne4 Be7 13. Qxf7# {Normal} 1-0

[Event "Rated Blitz game"]
[Site "?"]
[Date "2021.05.25"]
[Round "?"]
[White "forbiddencheapos"]
[Black "yurmesh"]
[Result "1-0"]
[WhiteElo "2387"]
[BlackElo "2467"]
[PlyCount "27"]
[EventDate "2021.??.??"]
[EventType "blitz"]
[TimeControl "300"]

1. e4 e5 2. Nf3 Nc6 3. Nc3 Nf6 4. Nxe5 Nxe5 5. d4 Nc6 6. d5 Bb4 7. dxc6 Nxe4 8.
Qd4 Qe7 9. Be3 O-O 10. Bd3 d5 11. cxb7 Bxb7 12. O-O c5 13. Nxd5 a6 14. Nxe7+ {
Normal} 1-0

[Event "Rated Blitz game"]
[Site "?"]
[Date "2021.05.25"]
[Round "?"]
[White "biomechanoid8"]
[Black "Robban74"]
[Result "0-1"]
[WhiteElo "2363"]
[BlackElo "2411"]
[PlyCount "36"]
[EventDate "2021.??.??"]
[EventType "blitz"]
[TimeControl "180"]

1. e4 e5 2. Nf3 Nc6 3. Nc3 Nf6 4. Nxe5 Bc5 5. Nxc6 dxc6 6. d3 Ng4 7. Be3 Nxe3
8. fxe3 Bxe3 9. Qf3 Qg5 10. h4 Qh6 11. g4 Bd2+ 12. Kf2 Bxc3 13. bxc3 Qd2+ 14.
Be2 Qxc3 15. g5 Be6 16. Qe3 O-O 17. h5 f5 18. e5 f4 {Normal} 0-1

[Event "Rated Blitz game"]
[Site "?"]
[Date "2021.05.25"]
[Round "?"]
[White "jole99"]
[Black "subtleties30"]
[Result "1-0"]
[WhiteElo "2333"]
[BlackElo "2425"]
[PlyCount "76"]
[EventDate "2021.??.??"]
[EventType "blitz"]
[TimeControl "180"]

1. e4 e5 2. Nf3 Nc6 3. Nc3 Nf6 4. Nxe5 Nxe5 5. d4 Ng6 6. e5 Bb4 7. exf6 Qxf6 8.
Be3 O-O 9. Bc4 Bxc3+ 10. bxc3 d6 11. O-O Nh4 12. Qd2 Qg6 13. Bg5 Bh3 14. f4
Bxg2 15. f5 Bxf1 16. fxg6 Nf3+ 17. Kxf1 Nxd2+ 18. Bxd2 hxg6 19. Ke2 c6 20. Rg1
d5 21. Bd3 Rfe8+ 22. Be3 Re6 23. Kd2 b6 24. Rg3 Rc8 25. h4 c5 26. Be2 Re4 27.
h5 gxh5 28. Bxh5 Rh4 29. Bf3 Rd8 30. dxc5 bxc5 31. Bxc5 Ra4 32. Bd4 g6 33. Rh3
Kf8 34. Bf6 Ke8 35. Rh8+ Kd7 36. Rxd8+ Ke6 37. Bd4 Rxa2 38. Bxd5+ Kf5 {Normal}
1-0